[Event "Corus-B"]
[Site "Wijk aan Zee"]
[Date "2004.01.19"]
[Round "8"]
[White "Bruzon Batista, Lazaro"]
[Black "Stellwagen, Daniel"]
[Result "1-0"]
[WhiteElo "2603"]
[BlackElo "2489"]
[Annotator "Erenburg,S"]
[PlyCount "85"]
[EventDate "2004.01.10"]
[EventType "tourn"]
[EventRounds "13"]
[EventCountry "NED"]
[EventCategory "13"]
[SourceTitle "CBM 099"]
[Source "ChessBase"]
[SourceDate "2004.03.30"]
[SourceVersion "1"]
[SourceVersionDate "2004.03.30"]
[SourceQuality "1"]

1. g3 Nf6 2. Bg2 g6 3. e4 d6 4. d4 Bg7 5. Nc3 O-O 6. Nge2 e5 {Black tried also}
(6... Na6 {0-1 Pavasovic,D-Azmaiparashvili,Z/Istanbul 2003/CBM96_01/[Erenburg]
(51)}) 7. h3 {covering the g4 square, that allows white to develop the
dark-squared bishop to e3.} (7. O-O {1-0 Gagunashvili,M-Socko,B/Plovdiv 2003/
CBM 98/[Erenburg] (58)}) 7... Nbd7 {Black hadn't to define the position of his
queenside' knight immediately, but he could play one of the following
continuations, keeping more options for the knight:} (7... c6 {1/2-1/2
Alekseev,E-Ivanchuk,V/Skanderborg 2003/CBM 98/[Erenburg] (36)}) (7... exd4 {
0-1 Tischbierek,R-Golubev,M/Germany 2003/CBM 94/[Erenburg] (41)}) 8. O-O c6 9.
a4 Re8 10. Be3 exd4 {Black's opening strategy is connected with the pressure
on white's central pawn e4, therefore, he opens the "e" file.} 11. Bxd4 b6 {
preparing an occupation of a6-f1 diagonal.} (11... Nf8 {is also possible:} 12.
Be3 Ne6 13. g4 h5 14. g5 Nh7 15. h4 f6 16. f4 fxg5 17. hxg5 $14 {1-0
Sveshnikov,E-Tseshkovsky,V/Sochi 1976/MCD (39)}) 12. g4 {liberating the g3
square for the knight, and, at the same time, threatening with g4-g5.} h6 {
preventing g4-g5, but it gives white time to occupy good positions by his
pieces.} (12... Ba6 {seems more principle.} 13. Re1 (13. g5 Nh5 (13... Nxe4 14.
Bxg7 Nxc3 15. Bxc3 Bxe2 16. Qd4 Ne5 17. f4 $16) 14. Bxg7 Kxg7 (14... Nxg7 15.
Qxd6) 15. Qxd6 Nc5 $11) 13... Bh6 14. Ng3 Ne5 $11 {0-1 Neverovsky,G-Goldin,A/
Podolsk 1990/TD (49)}) 13. Ng3 Ba6 14. Re1 Qc7 15. Qd2 {intending to get the
queenside rook into the game.} Rad8 (15... Ne5 16. b3 Rad8 17. Rad1 c5 $6 18.
Be3 $16 {1-0 Lazic,M-Vujadinovic,G/Kladovo 1992/EXT 97 (40)}) 16. Rad1 Nc5 17.
Be3 Kh7 18. b4 $146 {driving away black's knight from an excelent position.
According to my database, this move is new. White tried} (18. Bf4 Qc8 19. Bxd6
Nxg4 20. Qf4 Rxd6 21. Rxd6 Ne5 22. b3 $14 {1-0 Lazic,M-Halkias,S/Kavala 1996/
EXT 2003 (36)}) 18... Ne6 19. b5 {preparing the d5 stronghold for the knight.}
Bb7 $6 {allowing white to realize his plan.} ({Much stronger was} 19... d5 $1 {
and white doesn't succeed to get an advantage:} 20. exd5 (20. bxa6 d4 $11) (20.
e5 $142 Ne4 21. Ncxe4 dxe4 22. Qe2 cxb5 23. axb5 Bb7 $11) 20... cxd5 21. Nge2 (
21. Nce2 Ne4 (21... Bb7 22. Nd4 Nxd4 23. Bxd4 Rxe1+ 24. Rxe1 Ne4 25. Qd1 $14)
22. Nxe4 (22. Qd3 Bb7 $15) 22... dxe4 23. Qb4 Bb7 24. c3 Nc5 $15) 21... Bb7 (
21... Ne4 22. Nxd5 $16) 22. Nd4 Rc8 23. Nce2 Ne4 $15) 20. bxc6 Bxc6 (20... Qxc6
21. Nd5 Qxa4 22. Ra1 $14) 21. Nb5 Bxb5 ({After} 21... Qe7 22. Qb4 (22. Nxd6
Nxg4 23. hxg4 Be5 $15) 22... Nc5 23. Bd4 $14 {white's chances are slightly
better.} ({But not} 23. e5 $2 Bxg2 24. exf6 Qb7 25. fxg7 $2 Bxh3 $19)) 22. axb5
Nc5 (22... Nd7 $5 {comes to consideration.}) 23. Bd4 {occupying an important
diagonal.} Rc8 (23... Ne6 $5 24. Ba1 (24. Qc3 Qxc3 (24... Qe7 25. Nf5 $16) 25.
Bxc3 Rc8 $132) 24... Qc5 25. Re3 $1 $14 {[%cal Ge3f3]}) 24. Re2 {strengthening
the c2 pawn.} Ne6 25. Be3 Qc4 26. Qd3 Qc7 ({Better was} 26... Qa4 $1 {
threatening with Nc5.} 27. Qb3 Qxb3 28. cxb3 Nc7 $1 $14) 27. Red2 $16 {White's
position is better, thanks to the following factors: 1) superior pawn
structure; 2) more active pieces  and 3) pair of bishops. But black's position
is still solid and he has some resources to hold the position.} Rcd8 (27... Nc5
{provides to a winning endgame for white.} 28. Qxd6 Qxd6 29. Rxd6 Ncxe4 30.
Nxe4 Nxe4 31. Bxe4 Rxe4 32. Rd7 $18) 28. Qa3 Nc5 29. Qb4 Re6 (29... Qe7 {
is neutralized by} 30. Re2 $16 {[%cal Ye3f4]}) 30. Bf4 $1 {threatening e4-e5.}
Qe7 ({After} 30... g5 {black's position cannot be good, as white will occupy
the f5 square.} 31. Be3 Rde8 32. Rd4 $16 {[%cal Yg3f5]} (32. Bxc5 $16)) 31. e5
Ne8 32. Bd5 {winning an exchange, thus, transforming a positional advantage to
material one.} dxe5 (32... Bxe5 33. Bxe6 Bxf4 34. Qxf4 fxe6 35. c4 $16) 33.
Bxe6 exf4 $6 {Black tries to change the character of the struggle, sacrificing
another exchange. He hopes to create some threats against white king.} (33...
Rxd2 34. Bxd2 Qxe6 35. Be3 $16) 34. Rxd8 fxg3 35. Bb3 gxf2+ 36. Kg2 $1 {
It is important to cover the 3-rd rank.} (36. Kf1 Qe3 $44 {[%cal Ge3h3]}) 36...
Nf6 37. Qf4 Qb7+ 38. Bd5 $18 {White easily parries black's attack and gets
position with amazing material advantage.} Nxd5 (38... Qe7 39. Bc4 $18) 39.
R8xd5 Ne6 40. Qxf2 (40. Qe3 {was more precise.}) 40... Qc7 ({Last chance was} 
40... Be5 $1 {, but with precise play white gets the winning position:} 41. Qe3
$1 (41. Kg1 Nf4 42. Qe3 Bd6 43. Qf3 Nxd5 $13) 41... Nf4+ (41... Bd6 42. Kf1 $1
Bc5 (42... Nf4 43. Rxd6 $18) 43. Qf3 $18) 42. Kf2 Nxd5 43. Qxe5 Nb4 44. Rd8 $18
) 41. Rd7 Nf4+ 42. Kf3 (42. Kh1 {wins as well:} Qe5 (42... Qc4 43. R1d4) 43.
Rxf7 Qe4+ 44. Kh2 Qe5 45. Rxf4 g5 46. Qd4 $18) 42... Qc4 (42... Qe5 43. Qe3 $18
) 43. R1d4 $1 {The simplest way.} 1-0

[Event "Alushta Autumn 1st"]
[Site "Alushta"]
[Date "2004.09.06"]
[Round "14"]
[White "Danielian, Elina"]
[Black "Paragua, Mark"]
[Result "0-1"]
[WhiteElo "2430"]
[BlackElo "2529"]
[Annotator "Erenburg,S"]
[PlyCount "78"]
[EventDate "2004.08.28"]
[EventType "tourn"]
[EventRounds "15"]
[EventCountry "UKR"]
[EventCategory "9"]
[SourceTitle "CBM 103"]
[Source "ChessBase"]
[SourceDate "2004.11.11"]
[SourceVersion "1"]
[SourceVersionDate "2004.11.11"]
[SourceQuality "1"]

1. d4 Nf6 2. Nf3 g6 3. g3 Bg7 4. Bg2 O-O 5. O-O d6 6. Nbd2 Nc6 7. e4 e5 {
Black tried also} (7... Bg4 8. c3 e5 9. dxe5 Nxe5 10. h3 Nxf3+ 11. Nxf3 Bd7 12.
Re1 Qc8 13. Kh2 Re8 14. Qd3 c6 15. Bg5 d5 16. exd5 Nxd5 17. Rxe8+ Bxe8 18. Re1
h6 19. Bd2 Qd8 20. c4 Nb6 21. Qc2 Bd7 22. Qc1 Qf8 23. Ne5 Re8 24. Nxd7 Nxd7 {
1/2-1/2 Polugaevsky,L-Marin,M/France 1991/TD (24)}) 8. c3 {keeping the tension
in the centre. The following continuation doesn't promise white anything
special:} (8. dxe5 Nxe5 9. Nxe5 dxe5 10. Nc4 Qe7 11. Qe2 b6 12. Ne3 Bb7 13. f3
Rfd8 14. Re1 a5 $11 {1/2-1/2 Karpov,A-Kotronias,V/Athens 1997/EXT 98 (56)})
8... exd4 {Black realizes the main idea of Pirc- attack of white's centre.} ({
Black equalized after} 8... Re8 9. Re1 exd4 10. Nxd4 Bg4 11. Nxc6 bxc6 12. Qa4
Bd7 13. Nf1 c5 14. Qc2 Bc6 $11 {in 1/2-1/2 Savon,V-Dvoretzky,M/Leningrad 1974/
URS-ch (21)}) 9. cxd4 Bg4 10. Qc2 $2 $146 {Quite illogical move, in my opinion.
White's queen can be attacked on c2 by Nc6-b4. This position appeared for the
first time. In the preceding game white continued with} (10. d5 $142 Ne5 11. h3
Nxf3+ 12. Nxf3 Bxf3 13. Bxf3 Nd7 14. Qc2 Nc5 15. Bg2 $14 {0-1 Krant,R-Waitzkin,
J/New York 1993/EXT 97 (49)}) 10... Re8 {continuing to press white's centre.}
11. Re1 Nd7 $1 {forcing white to open the long diagonal for black's
dark-squared bishop.} 12. d5 Nb4 {emphasizing the drawback of white's 10-th
move. White's problem, that it is not the last time his queen is going to be
attacked...} 13. Qc4 (13. Qb3 a5 $17 {[%cal Yd7c5]}) (13. Qd1 Nd3 $17) 13... a5
$1 $15 {All the black pieces are coordinated excellently! While white doesn't
succeed to complete the development...} 14. h3 {Other moves don't promise
white an equality.} (14. a3 b5 $1 15. Qxb5 (15. Qb3 Nc5 16. Qd1 Nbd3 $19) 15...
Nc2 $17) ({Probably better was} 14. Re3 b5 15. Qb3 Nc5 16. Qd1 $15) 14... Nb6
15. Qe2 $6 {After this move, white is going to lose material.} ({Better is} 15.
Qb3 Bd7 16. a4 f5 $17) 15... Bd7 $1 {threatening with capture on d5 and Nc2.
It is stronger than} (15... Bxf3 16. Nxf3 f5 17. Ng5 N4xd5 18. Qd1 {and white
keeps chances, thanks to pair of bishops.}) 16. Qd1 {covering the c2 square,
but black gets another light square...} Nd3 17. Re3 Nxb2 18. Bxb2 (18. Qc2 Nd1
$1 $19) 18... Bxb2 $17 {Black is a pawn up, he has a pair of bishops,
therefore, his advantage is obvious.} 19. Rb1 Bg7 20. Qc2 Ba4 $1 {The only
good place for light-squared bishop.} 21. Nb3 Nd7 $1 {improving the position
of the knight, and, making possible the pushing of "b" pawn forward.} 22. Qc4
b5 23. Qe2 b4 24. Nfd4 ({After} 24. Nbd4 {white loses the exchange:} Bh6 25.
Rd3 Nc5 $19) 24... Qc8 {transfering the queen to the queenside, probably to
a6-f1 diagonal.} 25. Rc1 Bxb3 $1 {It is the right for this change, as black
drives away the white's knight from excelent position in the centre, and, at
the same time, gets the possibility of pushing forward the queenside pawns.}
26. Nxb3 a4 27. Nd2 b3 $1 28. Nc4 (28. axb3 a3 $19) 28... Nc5 29. e5 {trying
to create counterplay.} Qa6 30. axb3 axb3 31. f4 Rab8 {Black continues with
his plan very consequently.} 32. Rb1 Qa2 $1 33. Rb2 ({More resistant was} 33.
Qe1 $17 {/-+}) 33... Qa1+ 34. Bf1 {Other continuations don't change anything:}
(34. Kh2 Rb4 35. exd6 Rxe3 36. Qxe3 Rxc4 37. Qe8+ Bf8 38. dxc7 Nb7 39. c8=Q
Rxc8 40. Qxc8 Qxb2 41. Qxb7 Qc2 $19) ({More resistant was} 34. Qf1 Qxf1+ 35.
Bxf1 dxe5 36. fxe5 f6 $19) 34... Rb4 $1 $19 {threatening with the capture on
c4.} 35. Qe1 {It is the story of the game! White made too many moves with the
queen... And everything started from inaccuracy in opening on the 10-th move...
} Qxe1 36. Rxe1 dxe5 37. fxe5 Na4 38. Rd2 (38. Rbb1 Nc3 $19 {winning another
pawn.}) 38... b2 39. Bd3 (39. Rb1 Bxe5 $19) 39... Nc5 {winning more material.}
(39... Nc5 40. Nxb2 Rxb2 41. Rxb2 Nxd3 $19) 0-1

[Event "Pune"]
[Site "Pune"]
[Date "2004.09.03"]
[Round "1"]
[White "Ganguly, Surya Shekhar"]
[Black "Azmaiparashvili, Zurab"]
[Result "0-1"]
[WhiteElo "2574"]
[BlackElo "2679"]
[Annotator "Erenburg,S"]
[PlyCount "58"]
[EventDate "2004.09.03"]
[EventType "tourn"]
[EventRounds "9"]
[EventCountry "IND"]
[EventCategory "16"]
[SourceTitle "CBM 104"]
[Source "ChessBase"]
[SourceDate "2005.01.27"]
[SourceVersion "1"]
[SourceVersionDate "2005.01.27"]
[SourceQuality "1"]

1. e4 d6 2. d4 Nf6 3. Nc3 g6 4. Be3 c6 5. Qd2 {One of the other ways to fight
for an advantage is} (5. h3 $5 {0-1 Sveshnikov,E-Ibragimov,I/Bled 1996/
[Erenburg] (46)}) 5... b5 {This continuation is more logical than 5..Qb6, as
white has already castled:} (5... Qb6 $6 {1-0 Topalovic,Z-Kozakov,M/Varazdin
2003/CBM 99/[Erenburg] (36)}) 6. Bd3 {protecting the e4 pawn, and continuing
to develop the pieces. White tried also} (6. f3 {0-1 Volokitin,A-Beliavsky,A/
Portoroz 2001/CBM 85/[Finkel,A] (54)}) (6. e5 $5 {1-0 Van der Wiel,J-Hickl,J/
Baden-Baden 1992/CBM 33/[Stohl] (41)}) 6... Nbd7 7. a4 {Typical idea. White
tries to create the target for attacks on the queenside, and transfers his
queenside knight to g3. Other possibilities:} (7. Nf3 e5 8. dxe5 dxe5 {1-0
Moiseenko,A-Areshchenko,A/Kharkov 2004/CBM 103_01/[Erenburg] (39)}) (7. h3 Bb7
8. Nf3 Qc7 9. O-O Bg7 10. Ne2 O-O 11. Ng3 Rfe8 12. Rfe1 e5 13. c3 a6 14. Bh6
Nf8 15. Rad1 Ne6 16. Bb1 Rad8 17. a3 Bc8 18. b4 c5 19. bxc5 dxc5 20. d5 c4 $11
{1-0 Mikheev,S-Azmaiparashvili,Z/Calvia ESP 2004/The Week in Chess 519 (57)})
7... b4 8. Nce2 Qa5 {Black prefered to defend the b4 pawn by the queen, and
not with a7-a5, as his plan is to carry out c6-c5. In that case, white will
get the b5 square.} 9. Nf3 c5 $146 {According to my database, this position
appeared for the first time. Black tried also} (9... Bg7 10. O-O O-O 11. Bh6
Rb8 12. Bxg7 Kxg7 13. Ng3 Nh5 $2 (13... Ba6 $142) 14. Nf5+ $1 gxf5 15. Qg5+ Kh8
16. Qxh5 Nf6 17. Qh6 Ba6 18. e5 $16 {1/2-1/2 Bohnenblust,S-Herbrechtsmeier,C/
Bern 1998/EXT 2000 (32)}) 10. dxc5 $1 {White has a development advantage,
therefore he opens up the game.} ({Also possible:} 10. O-O Bb7 (10... c4 $5 11.
Bxc4 Nxe4 12. Ng5 $1 d5 (12... Nxd2 13. Bxf7+ Kd8 14. Ne6#) 13. Nxe4 dxc4 14.
d5 $1 {[%cal Ge3d4]} Bg7 15. Bd4 $14) 11. d5 Bg7 $13) 10... Nxc5 ({Of course
not} 10... dxc5 $2 {in view of} 11. e5 $1 $16 {[%cal Gd3e4,Ye5e6]}) 11. Bb5+
Bd7 12. Bxc5 {White opens the "d" file in order to use his development
advantage.} (12. Bxd7+ Ncxd7 $11) 12... dxc5 13. O-O $32 {threatening e4-e5.} (
13. Bxd7+ Nxd7 14. Ng5 $5 {[%cal Gg5f7,Yd2d7,Yd2f4]} Rd8 15. Qf4 Nf6 16. e5 h6
$1 $11) ({Deserves serious attention:} 13. Bc4 $1 Rd8 (13... Nxe4 $4 14. Qd5
$18) 14. Qf4 $36 {[%cal Ge4e5,Yc4f7,Yf4f7]}) 13... Bxb5 (13... Rd8 14. Rfd1)
14. axb5 Qxb5 15. e5 $44 {It is not so easy to neutralize white's initiaitve,
but Azmaiparashvili feels this opening very good, and he succeeds to survive.}
Rd8 $1 (15... Nd7 16. Ng5 $1 $44 {[%cal Ge5e6,Yg5e6,Yg5f7,Gd2d5]}) 16. Ned4 $1
{White has no time for passive move. There wasn't any good square for the
queen:} (16. Qe1 Nd5 17. Rxa7 Bg7 $11) (16. Qf4 Nd5) 16... Ne4 (16... cxd4 17.
exf6 $32 {and it is not so clear how can black to complete the development...})
17. Nxb5 $6 {White misses a more attractive option:} (17. Qe3 $1 cxd4 18. Qxe4
$36 Qd5 (18... a5 19. Rfd1 Bg7 20. Nxd4 Qd5 21. Qxd5 Rxd5 22. Nc6 $16) 19. Qxd5
Rxd5 20. Rxa7 $14) 17... Nxd2 18. Nxd2 Rxd2 19. Rfd1 ({White achieves nothing
after} 19. Rxa7 Bg7 20. Nc7+ Kd7 21. Nd5+ Kc6 22. Rc7+ Kb5 23. Rb7+ Kc6 24.
Rc7+ $11) 19... Rxd1+ 20. Rxd1 e6 (20... Bh6 {looks extremely dangerous:} 21.
Nc7+ Kf8 22. Rd8+ Kg7 23. Ne8+ Kf8 24. b3 $36) 21. Ra1 $1 {invading with the
rook into the black camp.} (21. Nxa7 Bg7 22. Nc6 O-O $11) 21... Kd7 $1 {
activating the monarch.} 22. c4 (22. Rxa7+ Kc6 23. c4 {-see the game.}) 22...
bxc3 23. Rxa7+ $6 {Probably, here it was white's last chance to get a slight
advantage:} (23. bxc3 $1 c4 (23... Kc6 24. c4) 24. Rxa7+ Kc6 25. Nd4+ Kd5 26.
Rxf7 Bc5 27. Rd7+ Kxe5 28. Nf3+ Kf6 29. Nd2 $1 $14) 23... Kc6 24. Nxc3 c4 $1
$132 {Now black is ready for "turnover". His monarch is extremely active, the
rook and bishop are going to join the battle, therefore, white should play
carefully...} 25. Rxf7 Bb4 {Black's main idea is to take on c3, and to invade
with the king into the white camp via d5-e4 squares.} 26. Rf4 (26. Kf1 Bxc3 27.
bxc3 Kd5 28. f4 Ke4 $132) 26... Kc5 27. Ne4+ Kd4 28. Ng5+ Kd5 29. g3 $4 {
[%mdl 8192] Mistake, which loses the game on the spot. White should have
continued} (29. b3 $1 c3 (29... Bd2 30. bxc4+ Kxe5 31. Rg4 $14) (29... Be7 30.
bxc4+ Kxe5 31. Nh3 $14) 30. Rc4 (30. Rxb4 Rc8 31. Nf3 c2 32. Rd4+ Kc6 33. Rc4+
Kd7 34. Rxc2 Rxc2 $15) 30... Ra8 31. f4 Ra3 32. Rxb4 c2 33. Rc4 Ra1+ 34. Kf2
c1=Q 35. Rxc1 Rxc1 $11) {[%tqu "En","Please find the best move for black.","",
"","b4d2","",10]} 29... Bd2 $1 {winning the knight.} (29... Bd2 30. Nxe6 (30.
Rg4 h5 $19) 30... Bxf4 31. Nxf4+ Kxe5 $19 {with following Rb8.}) 0-1

[Event "Corus-C"]
[Site "Wijk aan Zee"]
[Date "2004.01.11"]
[Round "2"]
[White "Pavasovic, Dusko"]
[Black "Gagunashvili, Merab"]
[Result "0-1"]
[WhiteElo "2615"]
[BlackElo "2583"]
[Annotator "Erenburg,S"]
[PlyCount "70"]
[EventDate "2004.01.10"]
[EventType "tourn"]
[EventRounds "13"]
[EventCountry "NED"]
[EventCategory "9"]
[SourceTitle "CBM 099"]
[Source "ChessBase"]
[SourceDate "2004.03.30"]
[SourceVersion "1"]
[SourceVersionDate "2004.03.30"]
[SourceQuality "1"]

1. e4 d6 2. d4 Nf6 3. Nc3 g6 4. g3 Bg7 5. Bg2 O-O 6. Nge2 e5 {Black has other
following options:} (6... Nbd7 {1/2-1/2 Gurevich,D-Gulko,B/Buenos Aires 2003/
CBM 97_01/[Erenburg] (63)}) (6... Na6 $5 {[%cal Yc7c5] 0-1 Pavasovic,
D-Azmaiparashvili,Z/Istanbul 2003/CBM96_01/[Erenburg] (51)}) ({Less popular is
} 6... c6 {1-0 Bologan,V-Narciso Dublan,M/Pamplona 2002/CBM 87/[Gofshtein,L] 
(80)}) 7. h3 (7. O-O {1-0 Gagunashvili,M-Socko,B/Plovdiv 2003/CBM 98/[Erenburg]
(58)}) 7... c6 {Black can put the pressure on the white's central pawn d4 with}
(7... Nc6 {1/2-1/2 Jakovenko,D-Lugovoi,A/Ekaterinburg 2002/CBM 90/[Avrukh,B] 
(36)}) (7... exd4 {0-1 Tischbierek,R-Golubev,M/Germany 2003/CBM 94/[Erenburg] 
(41)}) 8. O-O {Usually white doesn't allow black to occupy a space on the
queenside:} (8. a4 {1/2-1/2 Alekseev,E-Ivanchuk,V/Skanderborg 2003/CBM 98/
[Erenburg] (36)}) 8... b5 9. Be3 Qc7 (9... Nbd7 {0-1 Socko,B-Nakamura,H/
Bermuda 2002/CBM 88/[Gofshtein,L] (29)}) 10. a3 Bb7 11. g4 $146 {White gave up
on some space on the queenside, therefore, he tries to develop an initiative
on the kingside. According to my database, this move was played for the first
time.} ({White tried} 11. Qd2 Nbd7 12. Rad1 Rfe8 13. g4 Nf8 14. f4 exd4 15.
Nxd4 a6 16. Nde2 c5 17. Ng3 b4 {1/2-1/2 Chernyshov,K-Zakharevich,I/Podolsk
1992/EXT 97 (17)}) 11... a5 {preparing the breakthough b5-b4.} 12. d5 {The
idea of this move is to get the d5 stronghold.} (12. g5 {plays in black's
hands:} Nfd7 13. d5 Nb6 $132) 12... b4 $1 13. dxc6 Bxc6 14. Nd5 {Other moves
don't promise anything special:} (14. g5 $5 bxc3 15. gxf6 Bxf6 16. Nxc3 Nd7 $13
) (14. axb4 axb4 15. Rxa8 Bxa8 16. g5 Ne8 (16... bxc3 17. gxf6 Bxf6 18. Nxc3
$13) 17. Nb5 Qc4 18. Qd3 Qxd3 19. cxd3 Bc6 $11) 14... Bxd5 {In such type of
positions, black usually captures on d5 with the bishop. Otherwise, after} (
14... Nxd5 15. exd5 {he will have the problem of passive light-squared bishop.}
) 15. exd5 Na6 {consolidating the rooks.} 16. Qd2 Nd7 17. axb4 axb4 18. g5 $1 {
preventing from black to develop an initiative on the kingside with f7-f5.} (
18. Ra2 $6 {doesn't promise anyhting:} Nb6 $1 19. Rfa1 Nc4 $11 {[%cal Gc7b7]})
18... Rfc8 19. Ng3 $1 {[%mdl 512] White sacrifices the pawn,as his pieces are
much more active, than the black's ones. He can use their activity to win the
black weak pawns b4 and d6.} (19. Be4 f5 (19... Ndc5 20. Bg2 Nd7 $11) 20. gxf6
Nxf6 21. Bd3 Qb7 $15) (19. c3 Ndc5 (19... bxc3 20. Nxc3 Nac5 21. Rxa8 Rxa8 22.
b4 $14) 20. Ra2 (20. Bxc5 Qxc5 $11) 20... Nb3 21. Qd1 Qc4 $11) 19... Qxc2 20.
Ne4 Bf8 21. Qxc2 {discoordinating black rooks. Worse are the following
continuations:} (21. f4 exf4 22. Bxf4 Qxd2 23. Bxd2 Nac5 $15) (21. Ra5 Qxd2 (
21... Qb3 22. Rfa1 Nc7 23. Rxa8 Rxa8 24. Rxa8 Nxa8 25. Qc1 $36) (21... b3 22.
Rfa1 Nc7 23. Rxa8 Rxa8 (23... Nxa8 24. Ra6 $1 $16) 24. Rc1 Qxd2 25. Nxd2 $16)
22. Bxd2 Nac5 23. Bxb4 Rxa5 24. Bxa5 Nxe4 25. Bxe4 Be7 $11) 21... Rxc2 22. Ra4
Nc7 23. Rxb4 Ra2 (23... Nxd5 {too dangerous, in view of} 24. Rb7 Rd8 25. Rd1
$36) 24. Rb1 Nxd5 25. Rb7 Rc7 26. Nc3 $2 {missing more attractive continuation:
} ({Simple} 26. Rxc7 $1 {was stronger:} Nxc7 27. Nc3 Ra5 (27... Ra6 28. Bb7)
28. b4 Ra3 29. Nd5 Nxd5 30. Bxd5 $16 {and white's position is near to winning,
thanks to an advanced pawn "b", which is supported by pair of bishops.} Be7
$141 31. Rc1 $16) 26... Rxb7 27. Bxd5 Raa7 28. b4 Be7 29. Bxb7 $6 {In my
opinion, white should keep the light-squared bishop on the board.} ({Better was
} 29. Bc6 Nb8 $8 30. Bd5 (30. Bxb7 Rxb7 31. Nd5) 30... Rd7 31. Bxa7 Rxa7 32. h4
$44 (32. b5 Bxg5 33. b6)) 29... Rxb7 30. Nd5 Kf8 31. Ra1 $2 {Serious mistake,
which allows black to activate his monarch.} ({Much better was} 31. Rd1 $1 Bd8
32. Kf1 Rb5 33. Ke2 $13) (31. Rc1 $2 f5 $17 32. Rc8+ Kf7 33. Rh8 $2 Nf8 $19)
31... f5 $1 $17 {[%cal Yf8f7,Yf7e6,Yb7b5] Black is going to drive away white's
knight from d5, which is the only white's chance.} 32. f3 $6 ({Last chance was
} 32. f4 Kf7 33. Kf2 Ke6 34. Nxe7 Kxe7 35. Bd2 $17) 32... Kf7 33. h4 (33. Rc1
f4 34. Nxe7 Kxe7 35. Bd2 Nf8 $19 {[%cal Yf8e6]}) 33... Ke6 34. Rd1 Bd8 $1 $19 {
preparing Rb5. White has nothing to do against black's threat, so he loses the
game.} 35. Kf1 (35. Bc1 {doesn't help:} Rb5 36. Nc3 Rxb4 37. Ba3 Bb6+ 38. Kf1
Rd4 $19) 35... Rb5 0-1